Mechanics of materials (Record no. 6912)

000 -LEADER
fixed length control field 00506nam a2200205 a 4500
001 - CONTROL NUMBER
control field 6912
003 - CONTROL NUMBER IDENTIFIER
control field BD-DhUET
008 - FIXED-LENGTH DATA ELEMENTS--GENERAL INFORMATION
fixed length control field 750825s1976 nyua bi 001 0 eng
040 ## - CATALOGING SOURCE
Original cataloging agency DLC
Transcribing agency DLC
Modifying agency BD-DhUET
082 00 - DEWEY DECIMAL CLASSIFICATION NUMBER
Classification number 620.11
Item number POP/1976
100 ## - MAIN ENTRY--PERSONAL NAME
Personal name Popov, E. P.
245 00 - TITLE STATEMENT
Title Mechanics of materials
250 ## - EDITION STATEMENT
Edition statement 2nd ed.
260 ## - PUBLICATION, DISTRIBUTION, ETC. (IMPRINT)
Place of publication, distribution, etc. New Jersey
Name of publisher, distributor, etc. Prentice-Hall
Date of publication, distribution, etc. 1976
300 ## - PHYSICAL DESCRIPTION
Extent ix,589p.
Other physical details ill.
Dimensions 24 cm.
650 #0 - SUBJECT ADDED ENTRY--TOPICAL TERM
Topical term or geographic name as entry element Strength of materials
700 ## - ADDED ENTRY--PERSONAL NAME
Personal name Nagarajan, S.
700 ## - ADDED ENTRY--PERSONAL NAME
Personal name Lu, Z. A.
942 ## - ADDED ENTRY ELEMENTS (KOHA)
Koha item type General Book
Holdings
Date acquired Damaged status Lost status Not for loan Withdrawn status Copy number Koha full call number Shelving location Koha issues (times borrowed) Price effective from Koha date last seen Location (home branch) Source of classification or shelving scheme Koha date last borrowed Koha normalized classification for sorting Piece designation (barcode) Sublocation or collection (holding branch) Koha item type
2014-12-06    1620.11/POP/1976Circulation section22014-12-062023-12-17Central Library, BUET 2023-12-02620_110000000000000_POP_197666175Central Library, BUETGeneral Book
2014-12-07    2620.11/ POP/1976Circulation section 2014-12-072014-12-07Central Library, BUET  620_110000000000000_POP_197621010Central Library, BUETGeneral Book
2014-12-07    3620.11/POP/1976Circulation section12014-12-072024-01-16Central Library, BUET 2023-12-11620_110000000000000_POP_19767885Central Library, BUETGeneral Book
2015-06-30    4620.11/POP/1976Reading section 2015-06-302015-06-30Central Library, BUET  620_110000000000000_POP_197645480Central Library, BUETReading Item